00720nam a2200241Ia 4500001000700000003000500007008004100012010001100053020001800064040000900082082001700091100002500108245005000133250001100183260007000194300001100264500002600275503001700301504003800318650003100356650004600387650004500433Z_6420CHAP220113s1988 xx 000 0 und d a169678 a0-672-22563-8 cCHAP a001.6424 S56 aSimpson, Alan, 1953- aThe best book of lotus 1-2-3 /cAlan Simpson a2a ed. aEstados Unidos de América :bHoward W. Sams and Company,c1988 a336 p. a5a reimpresión 1988 aej.1: 145279 aIncluye bibliografía e índice aLenguaje de programación aLotus 1x2x3 (Programa para computadora) aNegocios xx Programas para computadora